Jak drahá je nepoctivost proč každému lžeme, hlavně sami sobě

Salvato in:
Dettagli Bibliografici
Autore principale: Ariely, Dan
Natura: Libro
Lingua:ceco
Pubblicazione: Praha Práh 2012
Edizione:1. vyd.
Soggetti:
Tags: Aggiungi Tag
Nessun Tag, puoi essere il primo ad aggiungerne!!

MARC

LEADER 00000nam a2200000 4500
001 0167860
005 20230109114610.8
020 |a 978-80-7252-395-5 
041 0 |a cze 
044 |a CZ 
245 1 0 |a Jak drahá je nepoctivost  |b proč každému lžeme, hlavně sami sobě  |c Dan Ariely 
250 |a 1. vyd. 
264 1 |a Praha  |b Práh  |c 2012 
300 |a 214 s. 
610 2 0 |a psychológia 
610 2 0 |a psychológia sociálna 
610 2 0 |a podvody 
100 1 |a Ariely, Dan